<?xml version="1.0" encoding="UTF-8"?>
<record
    xmlns:xsi="http://www.w3.org/2001/XMLSchema-instance"
    xsi:schemaLocation="http://www.loc.gov/MARC21/slim http://www.loc.gov/standards/marcxml/schema/MARC21slim.xsd"
    xmlns="http://www.loc.gov/MARC21/slim">

  <leader>00812nam a2200193Ia 4500</leader>
  <controlfield tag="003">IN-BaIIA</controlfield>
  <controlfield tag="008">211028s9999    xx            000 0 eng d</controlfield>
  <datafield tag="020" ind1=" " ind2=" ">
    <subfield code="a">4-946443-22-3</subfield>
  </datafield>
  <datafield tag="040" ind1=" " ind2=" ">
    <subfield code="c">IIA Library</subfield>
  </datafield>
  <datafield tag="080" ind1=" " ind2=" ">
    <subfield code="a">52-735(082.2)</subfield>
    <subfield code="b">NEW</subfield>
  </datafield>
  <datafield tag="111" ind1=" " ind2=" ">
    <subfield code="a">International Conference of the X-Ray Astronomy</subfield>
    <subfield code="c">Japan</subfield>
    <subfield code="d">1994 Mar. 8-11</subfield>
    <subfield code="9">22278</subfield>
  </datafield>
  <datafield tag="245" ind1=" " ind2="0">
    <subfield code="a">New horizon of x-ray astronomy</subfield>
    <subfield code="b">proceedings of the International conference of the x-ray astronomy held in Tokyo Metropolitan University, Japan, March 8-11, 1994</subfield>
    <subfield code="c">edited by H. Makino and T. ohashi                                                  </subfield>
  </datafield>
  <datafield tag="260" ind1=" " ind2=" ">
    <subfield code="a">Tokyo</subfield>
    <subfield code="b">Universal Academy Press</subfield>
    <subfield code="c">1994</subfield>
  </datafield>
  <datafield tag="300" ind1=" " ind2=" ">
    <subfield code="a">Ixvi, 683p.</subfield>
  </datafield>
  <datafield tag="490" ind1=" " ind2=" ">
    <subfield code="a">Frontier science series; no. 12 (FSS-12)</subfield>
  </datafield>
  <datafield tag="650" ind1=" " ind2=" ">
    <subfield code="a">X-ray astronomy</subfield>
    <subfield code="9">7473</subfield>
  </datafield>
  <datafield tag="700" ind1=" " ind2=" ">
    <subfield code="a">ohashi, T., ed</subfield>
    <subfield code="9">22279</subfield>
  </datafield>
  <datafield tag="942" ind1=" " ind2=" ">
    <subfield code="c">BK</subfield>
  </datafield>
  <datafield tag="999" ind1=" " ind2=" ">
    <subfield code="c">12726</subfield>
    <subfield code="d">12726</subfield>
  </datafield>
  <datafield tag="952" ind1=" " ind2=" ">
    <subfield code="0">0</subfield>
    <subfield code="1">0</subfield>
    <subfield code="4">0</subfield>
    <subfield code="7">0</subfield>
    <subfield code="a">BAN</subfield>
    <subfield code="b">BAN</subfield>
    <subfield code="c">GEN</subfield>
    <subfield code="d">1998-11-12</subfield>
    <subfield code="e">UNAP  </subfield>
    <subfield code="g">6300.00</subfield>
    <subfield code="l">0</subfield>
    <subfield code="o">52-735(082.2)/ NEW</subfield>
    <subfield code="p">13643</subfield>
    <subfield code="r">2021-11-05</subfield>
    <subfield code="v">6300.00</subfield>
    <subfield code="w">1998-11-12</subfield>
    <subfield code="y">BK</subfield>
    <subfield code="G">Rs. 6300.00  </subfield>
  </datafield>
</record>
